Database Management Systems (Record no. 2884)

MARC details
000 -LEADER
fixed length control field 01011cam a22003014a 4500
001 - CONTROL NUMBER
control field 12799940
003 - CONTROL NUMBER IDENTIFIER
control field OSt
005 - DATE AND TIME OF LATEST TRANSACTION
control field 20260418020003.0
008 - FIXED-LENGTH DATA ELEMENTS--GENERAL INFORMATION
fixed length control field 020603s2003 maua b 001 0 eng
010 ## - LIBRARY OF CONGRESS CONTROL NUMBER
LC control number 2002075205
020 ## - INTERNATIONAL STANDARD BOOK NUMBER
International Standard Book Number 0072465638
020 ## - INTERNATIONAL STANDARD BOOK NUMBER
International Standard Book Number 0071151109 (ISE)
040 ## - CATALOGING SOURCE
Original cataloging agency DLC
Transcribing agency DLC
Modifying agency DLC
042 ## - AUTHENTICATION CODE
Authentication code pcc
050 00 - LIBRARY OF CONGRESS CALL NUMBER
Classification number QA76.9.D3
Item number R237 2003
082 00 - DEWEY DECIMAL CLASSIFICATION NUMBER
Classification number 005.74
Edition number 21
Item number RAM 2003
100 1# - MAIN ENTRY--PERSONAL NAME
Personal name Ramakrishnan, Raghu; Gehrke, Johannes.
9 (RLIN) 6597
245 10 - TITLE STATEMENT
Title Database Management Systems
250 ## - EDITION STATEMENT
Edition statement 3rd ed.
260 ## - PUBLICATION, DISTRIBUTION, ETC. (IMPRINT)
Place of publication, distribution, etc. Boston;
Name of publisher, distributor, etc. McGraw-Hill,
Date of publication, distribution, etc. 2003.
300 ## - PHYSICAL DESCRIPTION
Extent xxxii, 1065 p. :
Other physical details ill. ;
Dimensions 25 cm.
504 ## - BIBLIOGRAPHY, ETC. NOTE
Bibliography, etc Includes bibliographical references (p. 1005-1044) and indexes.
650 #0 - SUBJECT ADDED ENTRY--TOPICAL TERM
Topical term or geographic name as entry element Database management systems
9 (RLIN) 508
856 42 - ELECTRONIC LOCATION AND ACCESS
Materials specified Publisher description
Uniform Resource Identifier http://www.loc.gov/catdir/description/mh024/2002075205.html
856 41 - ELECTRONIC LOCATION AND ACCESS
Materials specified Table of contents
Uniform Resource Identifier http://www.loc.gov/catdir/toc/mh023/2002075205.html
906 ## - LOCAL DATA ELEMENT F, LDF (RLIN)
a 7
b cbc
c orignew
d 1
e ocip
f 20
g y-gencatlg
942 ## - ADDED ENTRY ELEMENTS (KOHA)
Source of classification or shelving scheme Dewey Decimal Classification
Koha item type Short Loan
Koha issues (borrowed), all copies 1
Holdings
Withdrawn status Lost status Source of classification or shelving scheme Damaged status Not for loan Home library Current library Date acquired Source of acquisition Inventory number Total Checkouts Full call number Barcode Date last seen Koha item type Checked out Date last checked out
    Dewey Decimal Classification     MUST Main Library MUST Main Library 15/12/2015   04/22976   005.74 RAM 2003 2015-3008 15/12/2015 Short Loan    
    Dewey Decimal Classification     MUST Main Library MUST Main Library 15/12/2015   05/23769   005.74 RAM 2003 2015-3009 15/12/2015 Short Loan    
    Dewey Decimal Classification     MUST Main Library MUST Main Library 05/02/2016   11/33413 1 005.74 RAM 2003 2016-0089 17/04/2026 Open Shelf 30/04/2026 17/04/2026
    Dewey Decimal Classification     MUST Main Library MUST Main Library 10/05/2016   04/20740   005.74 RAM 2003 2016-1706 10/05/2016 Short Loan